000 00747nam a2200229 i 4500
001 78224
003 ES-MaACL
005 20250808002229.0
007 t|
008 041013s1961 sp |||| | spa d
080 _a233
100 1 _aHaecker, Theodor.
_961419
245 1 1 _a¿Qué es el hombre? /
_cTheodor Haecker ; [presentación, traducción y epílogo de Alfonso López Quintás].
260 _aMadrid :
_bGuadarrama,
_c[1961]
300 _a232 p. ;
_c18 cm.
490 1 _aCristianismo y hombre actual ;
_v5
650 7 _aAntropología teológica
_2embne
_9143894
700 1 _aLópez Quintás, Alfonso.
_973905
830 0 0 _aCristianismo y hombre actual
_v5
_9181461
852 _aES-MaACL
_jG-8740
999 _c78224
_d78224